Southville International School and Colleges
Your cart is empty.
  • Cart
  • Lists
    Public lists Eva Luna New books Lux_list list_1
    Your lists Log in to create your own lists
  • Log in to your account
  • Your cookies
  • Search history
Southville International School and Colleges
  • Advanced search
  • Recent comments
  • Most popular
  • Libraries

Log in to your account

Log in with GOOGLE


If you do not have an external account, but do have a local account, you can still log in:

  1. Home
  2. MARC view: Arguing about bioethics /
Normal view MARC view ISBD view

Arguing about bioethics / (Record no. 22398)

[ view plain ]
MARC details
000 -LEADER
fixed length control field 00645nam a2200217 a 4500
005 - DATE AND TIME OF LATEST TRANSACTION
control field 20140310183405.0
008 - FIXED-LENGTH DATA ELEMENTS--GENERAL INFORMATION
fixed length control field 121013s19uu xx 00 eng d
020 ## - INTERNATIONAL STANDARD BOOK NUMBER
International Standard Book Number 9780415476331
050 ## - LIBRARY OF CONGRESS CALL NUMBER
Classification number QH 332
Item number .Ar74 2012
100 ## - MAIN ENTRY--PERSONAL NAME
Personal name Holland, Stephen
245 ## - TITLE STATEMENT
Title Arguing about bioethics /
Statement of responsibility, etc edited by Stephen Holland.
260 ## - PUBLICATION, DISTRIBUTION, ETC. (IMPRINT)
Place of publication, distribution, etc Abingdon, Oxon ; New York :
Name of publisher, distributor, etc Routledge,
Date of publication, distribution, etc 2012
300 ## - PHYSICAL DESCRIPTION
Extent xvi, 602 p. :
Other physical details ill. ;
Dimensions 27 cm.
440 ## - SERIES STATEMENT/ADDED ENTRY--TITLE
Title Arguing about philosophy
500 ## - GENERAL NOTE
General note Includes bibliographical references and index
521 ## - TARGET AUDIENCE NOTE
Target audience note
650 ## - SUBJECT ADDED ENTRY--TOPICAL TERM
Topical term or geographic name as entry element Bioethics
650 ## - SUBJECT ADDED ENTRY--TOPICAL TERM
Topical term or geographic name as entry element Medical ethics
942 ## - ADDED ENTRY ELEMENTS (KOHA)
Koha item type Books
Source of classification or shelving scheme Library of Congress Classification
Call number prefix Foreign
Holdings
Withdrawn status Lost status Source of classification or shelving scheme Damaged status Home library Current library Shelving location Date acquired Total Checkouts Full call number Barcode Date last seen Copy number Price effective from Koha item type
    Library of Congress Classification   College Library College Library Reserve Section 01/13/2014   QH 332 .Ar74 2012 C16365 05/15/2018 1 01/13/2014 Books

Arguing about bioethics /

APA

Holland S., . (2012). Arguing about bioethics. Abingdon, Oxon ; New York: Routledge.

Chicago

Holland Stephen, . 2012. Arguing about bioethics. Abingdon, Oxon ; New York: Routledge.

Harvard

Holland S., . (2012). Arguing about bioethics. Abingdon, Oxon ; New York: Routledge.

MLA

Holland Stephen, . Arguing about bioethics. Abingdon, Oxon ; New York: Routledge. 2012.

  • Place hold
  • Print
  • Cite
  • Add to your cart (remove)
  • Save record
    BIBTEX Dublin Core MARCXML MARC (non-Unicode/MARC-8) MARC (Unicode/UTF-8) MARC (Unicode/UTF-8, Standard) MODS (XML) RIS
  • More searches
    Search for this title in:
    Other Libraries (WorldCat) Other Databases (Google Scholar) Online Stores (Bookfinder.com) Open Library (openlibrary.org)

Exporting to Dublin Core...

SOUTHVILLE LIBRARY

Southville International School and Colleges Library

1281 Tropical Ave. Cor. Luxembourg St., BF Homes International, Las Pinas City

Tel. No. 8256374 / 252358 Loc. 117/146

Powered by Koha